00647nam a22002297a 450000500170000001000110001702000100002803500110003803700160004904000120006508200150007710000170009224500900010925000110019926000460021027000340025630000240029050000190031465000300033365000310036370000230039420170124110251.0 a132532 c00.00 a132532 bCen Lib/Ret aDPLbEN a362.1bFIE aField, Minna aPatients are people :cby Minna Fieldba medical-social approach to prolonged illness a2nd ed aNew YorkbColumbia University Pressc1958 aMorningside HeightsbNew York axi, 273p.c19cm(Hb) aIncludes index aMedicine -- Case studies. aMedicine -- Popular Works. aTreadgold, Sylvia